| 000 | 01214 am a2200373 a 4500 | ||
|---|---|---|---|
| 999 |
_c29450 _d29421 |
||
| 001 | 009052551 | ||
| 003 | EG-ScBUE | ||
| 005 | 20210920152107.0 | ||
| 008 | 040317t2004 enka f bd 001 ||eng d | ||
| 020 | _a0131227238 | ||
| 020 | _a9780131227231 | ||
| 040 |
_aEG-ScBUE _beng _erda _cEG-ScBUE _dEG-ScBUE |
||
| 082 | 0 | 4 |
_a004 _bCAP _222 |
| 100 | 1 |
_aCapron, H. L., _eauthor. _917970 |
|
| 245 | 1 | 0 |
_aComputers : _btools for an information age / _cH. L. Capron, J. A. Johnson. |
| 250 |
_aEighth edition, _binternational, complete edition. |
||
| 264 | 1 |
_aNew Jersey : _bPearson Education International, _c[2004] |
|
| 264 | 4 | _cc2004 | |
| 300 |
_a1 volume (various pagings) : _billustration ; _c28 cm |
||
| 336 |
_atext _2rdacontent _btxt |
||
| 337 |
_aunmediated _2rdamedia _bn |
||
| 338 |
_avolume _2rdacarrier _bnc |
||
| 500 | _aincludes glossary. | ||
| 500 | _aincludes appendix. | ||
| 504 | _aIncludes bibliographical references and index. | ||
| 650 | 7 |
_aComputers. _2BUEsh |
|
| 650 | 7 |
_aOrdinateurs. _2BUEsh _919802 |
|
| 653 | 7 |
_aBUEsh _bCOMSCI _cSeptember2021 |
|
| 654 | 7 | _2BUEsh | |
| 655 | 7 |
_2BUEsh _vReading book _934232 |
|
| 700 | 1 |
_aJohnson, J. A., _eauthor. |
|
| 942 |
_2ddc _cBB |
||